<?xml version="1.0" encoding="UTF-8"?><?xml-stylesheet type="text/xsl" href="static/style.xsl"?><OAI-PMH xmlns="http://www.openarchives.org/OAI/2.0/" xmlns:xsi="http://www.w3.org/2001/XMLSchema-instance" xsi:schemaLocation="http://www.openarchives.org/OAI/2.0/ http://www.openarchives.org/OAI/2.0/OAI-PMH.xsd"><responseDate>2026-06-04T01:44:24Z</responseDate><request verb="GetRecord" identifier="oai:riuma.uma.es:10630/36114" metadataPrefix="marc">https://riuma.uma.es/rest/oai/request</request><GetRecord><record><header><identifier>oai:riuma.uma.es:10630/36114</identifier><datestamp>2026-02-03T11:33:14Z</datestamp><setSpec>com_10630_2254</setSpec><setSpec>col_10630_37953</setSpec></header><metadata><record xmlns="http://www.loc.gov/MARC21/slim" xmlns:dcterms="http://purl.org/dc/terms/" xmlns:doc="http://www.lyncode.com/xoai" xmlns:xsi="http://www.w3.org/2001/XMLSchema-instance" xsi:schemaLocation="http://www.loc.gov/MARC21/slim http://www.loc.gov/standards/marcxml/schema/MARC21slim.xsd">
   <leader>00925njm 22002777a 4500</leader>
   <datafield ind2=" " ind1=" " tag="042">
      <subfield code="a">dc</subfield>
   </datafield>
   <datafield ind2=" " ind1=" " tag="720">
      <subfield code="a">Ramírez Calle, Olga</subfield>
      <subfield code="e">author</subfield>
   </datafield>
   <datafield ind2=" " ind1=" " tag="260">
      <subfield code="c">2023-06-07</subfield>
   </datafield>
   <datafield ind2=" " ind1=" " tag="520">
      <subfield code="a">The present paper departs from the discussion on the foundation&#xd;
of morality in Discourse Ethics (DE) and the criticism raised against it, co-&#xd;
ming to reconstruct in a somewhat different way the foundational process. A&#xd;
first section is dedicated to analysing the difficulties of Habermas distinction&#xd;
between morality and ethics and the criticism raised against it, questioning&#xd;
a) the possibility to set the difference in the distinction between norms and&#xd;
values and b) the presumed neutrality of DE regarding ethical evaluations. A&#xd;
second section revisits the foundational proposal of DE. First of all, it provi-&#xd;
des an interpretation of the Kantian proposal that makes the universalization&#xd;
of norms subservient to the idea of human beings as ends in themselves. It&#xd;
then considers a) the subsistence of Kantian moral reasoning in its architec-&#xd;
tonic and b) suggests a formal structure in practical thinking that integrates in&#xd;
hierarchical modus Kantian, discursive and contextually determined evaluati-&#xd;
ve conceptions.</subfield>
   </datafield>
   <datafield ind1="8" ind2=" " tag="024">
      <subfield code="a">Ramírez Calle, Olga (2022) Discourse Ethics and Practical Knowledge Stable Structures for Practical Reasoning. EPISTEME NS. 42, pp. 53 - 83. Revista Del Instituto de Filosofía de la Universidad Central de Venezuela. SCIELO.</subfield>
   </datafield>
   <datafield ind1="8" ind2=" " tag="024">
      <subfield code="a">http://saber.ucv.ve/ojs/index.php/rev_ens/article/view/26595</subfield>
   </datafield>
   <datafield ind1="8" ind2=" " tag="024">
      <subfield code="a">https://hdl.handle.net/10630/36114</subfield>
   </datafield>
   <datafield tag="653" ind2=" " ind1=" ">
      <subfield code="a">Ética</subfield>
   </datafield>
   <datafield ind2="0" ind1="0" tag="245">
      <subfield code="a">Discourse Ethics and Practical Knowledge. Estable structures for practical reasoning.</subfield>
   </datafield>
</record>
</metadata></record></GetRecord></OAI-PMH>